000 00621nam a2200229Ia 4500
003 OSt
005 20221005120925.0
006 a|||||r|||| 00| 0
007 ta
008 221004b |||||||| |||| 00| 0 eng d
024 _a62961
037 _cTextual
040 _aCRL
_cCRL
_beng
041 _2eng
_aeng
082 _aV218:2501:N1, K5.1-.3
100 _aVenkatarangaiya M Ed.
245 0 _aFreedom struggle in Andhra Pradesh V3 (1921-1931 A. D.).
260 _c1965
650 _aHISTORY
942 _hV218:2501:N1, K5.1-.3
_cTEXL
_2cc
999 _c1039554
_d1039554